Las cartas que no llegaron / (Registro nro. 2286)
[ vista simple ]
| 000 -LEADER | |
|---|---|
| fixed length control field | 01314nam a2200205 a 4500 |
| 008 - CAMPO DE CONTROL (LIBRO) | |
| fixed length control field | 161215t2004 spa |||g ||| 000 f spa d |
| 020 ## - INTERNATIONAL STANDARD BOOK NUMBER | |
| ISBN | 9505119194 |
| 041 ## - CODIGO DE IDIOMA | |
| Código de idioma del texto/pista de sonido o título separado | spa |
| 092 ## - SIGNATURA TOPOGRAFICA DEWEY LOCAL | |
| número de clasificación | 808.8 |
| libristica | 75 |
| sección | ROS |
| 100 1# - ENTRADA PRINCIPAL--NOMBRE PERSONAL | |
| Nombre personal | Rosencof, Mauricio |
| 9 (RLIN) | 3101 |
| 245 4# - TITULO PROPIAMENTE DICHO | |
| Título | Las cartas que no llegaron / |
| Mención de responsabilidad y remanente de la transcripción de la portada | Mauricio Rosencof |
| 250 ## - MENCION DE EDICION | |
| Mención de edición | 1a ed. |
| 260 ## - PIE DE IMPRENTA | |
| Lugar de publicación, distribución, etc | Buenos Aires: |
| Nombre de la editorial, distribuidor, etc | Alfaguara; |
| Fecha de publicación | 2004. |
| 300 ## - DESCRIPCION FISICA | |
| Extension | 166 p. |
| 500 ## - NOTA GENERAL | |
| Nota general | Rosencof, M. (2004). Las cartas que no llegaron. (1a ed.). Buenos Aires : Alfaguara. |
| 505 ## - NOTA DE CONTENIDO | |
| Nota de contenido formateada | Desde los campos de concentración nazis a la celdas de tortura de la dictadura uruguaya, retazos estremecedores de la historia de una familia, en testimonios de un niño, un joven, un hombre: una sola memoria para narrar realidades que empalidecen a la ficción. El autor lleva a cabo una profunda reflexión sobre su vida y la de los suyos ajustando los eslabones generacionales entre quienes lo precedieron y quienes lo sucederán. En un mundo convulsionado por guerras y separaciones, hay vínculos que se preservan empecinadamente; por eso adquieren un valor supremo las catas, mensajeras del ánimo, el afecto y el alivio para soledades y tristezas...aun aquellas que no se escribieron. |
| 590 ## - NOTAS LOCALES (RLIN) | |
| Nota local | Donación Carozzi, Norma Aida. Proyecto 4to libro |
| 655 ## - MATERIA - GENERO/FORMA | |
| Género/Forma | Novela |
| -- | 3091 |
| 942 ## - ADDED ENTRY ELEMENTS (KOHA) | |
| Source of classification or shelving scheme | Dewey Decimal Classification |
| Item type | LITERATURA |
| Estado de retiro | Existencia | Fuente de clasificación | Estado general | No para prestamo | Colección | Ubicación permanente | ubicación actual | Sala de ubicación | Fecha de adquisición | Fuente de adquisición | Total Checkouts | Número de clasificación | Código de barras | Date last seen | Número de ejemplar | Price effective from | Koha tipo de elemento (item) | Public note |
|---|---|---|---|---|---|---|---|---|---|---|---|---|---|---|---|---|---|---|
| Dewey Decimal Classification | Fiction | Biblioteca Medicina | Biblioteca Medicina | Circulación | 20/02/2017 | Donación Carozzi, Norma. 2016 | 808.8 75 ROS | 3743 | 20/02/2017 | Ej.1 | 20/02/2017 | LITERATURA | Proyecto 4to libro. Donación Carozzi Norma |